Спонтанно изцеление (Запис номер 81880)
[ съкратено ]
| 000 -Лидер | |
|---|---|
| Контролно поле с фиксирана дължина | 02115nam a2200457 c 4500 |
| 003 - Код на организацията, давaща контролен номер | |
| Контролно поле | BLK |
| 005 - Дата и час на последна редакция | |
| Контролно поле | 20180420224632.0 |
| 008 - Елементи от данни с фиксирана дължина | |
| fixed length control field | 180408b bul|||||r ||||||| ||bul|| |
| 010 ## - Наследен системен номер | |
| LC control number | KNG00086400000 |
| 020 ## - Международен стандартен номер на книга ISBN | |
| Международен стандартен номер на книга ISBN | 978-954-792-243-3 |
| -- | издат.: СКОРПИО ви |
| 040 ## - Източник на каталожния запис | |
| Идентификатор на билиотеката - собственик на записа | BLK |
| 041 ## - Код за език | |
| Код за езика на текст/звукозапис или на отделно заглавие | Български |
| Код за езика КДБФ | Български |
| 072 #7 - Код за тематичната категория | |
| Код организация | bullib |
| Код за тематична категория | Л05 |
| Текст | Други методи |
| 080 ## - УДК | |
| Текстов определител УДК | Фармация. Фармакология. Обща терапия. Токсикология. Интензивна терапия |
| УДК код - определител по УДК | 615 |
| УДК определител | (02.062) |
| УДК - код + определител | 615(02.062) |
| 080 ## - УДК | |
| Текстов определител УДК | Здраве и болест. Самолечение(самооздравяване)на организма чрез защитния механизъм на организма. Експериментално предизвикване на болести |
| УДК код - определител по УДК | 616-092.11/.19 |
| УДК определител | (02.062) |
| УДК - код + определител | 616-092.11/.19(02.062) |
| 080 ## - УДК | |
| Текстов определител УДК | Хигиена. Лично здраве. Вж и 614 ; 616-083 |
| УДК код - определител по УДК | 613 |
| УДК определител | (02.062) |
| УДК - код + определител | 613(02.062) |
| 100 1# - Редна дума - Автор | |
| Автор | Уейл, Андрю |
| Авторска отговорност | първи автор |
| R(LIN) | 292956 |
| 139 ## - Редно поле | |
| Редна дума | Уейл, Ендрю |
| Авторски знак | Уед - У 28 |
| 245 10 - Сведения за заглавието | |
| Заглавие | Спонтанно изцеление |
| Редно поле (дума) | * Ендрю Уейл; Андрю Уейл; прев. Пиринка Хаджиева. |
| 250 ## - Област на изданието | |
| Сведения за изданието | 2. изд. |
| 257 ## - Страна на издаване | |
| Страна на създаване/издаване | Съединени американски щати |
| 260 ## - Област на издателските данни | |
| -- | София |
| Име на издателя, разпространителя и проч. | СКОРПИО ви |
| Година на издаване | 2007 |
| 300 ## - Физическа характеристика | |
| Страници | 360 с. |
| Илюстрации и др. | с 1 портр. |
| Размери/Мащаб | 24 см |
| 380 ## - Жанр | |
| Жанр | Медицина |
| 490 1# - СЕРИИ (Колекции) | |
| Име на серия | Поредица Здраве, дълголетие, естествено оздравяване |
| 500 ## - Общи забележки | |
| Забележка | Ориг. загл. Spontaneous healing / Andrew Weil. - 1. изд. 2002 на изд. Прозорец. |
| 650 #4 - Допълнително описание по предмет – тема | |
| Основно описание – тема или топоним | Терапия - нетрадиционни методи |
| 9 (RLIN) | 263384 |
| 650 #4 - Допълнително описание по предмет – тема | |
| Основно описание – тема или топоним | Болести |
| 9 (RLIN) | 148951 |
| 650 #4 - Допълнително описание по предмет – тема | |
| Основно описание – тема или топоним | Хигиена |
| 9 (RLIN) | 176430 |
| 653 ## - Ключова дума – ненормативна | |
| Ключова дума | терапия |
| 653 ## - Ключова дума – ненормативна | |
| Ключова дума | болести |
| 653 ## - Ключова дума – ненормативна | |
| Ключова дума | хигиена |
| 659 ## - Тематичен бюлетин | |
| Тематичен бюлетин | Л |
| 700 1# - Други автори (авторска отговорност) | |
| Лично име | Уейл, Ендрю |
| Автороска отговорност (Описва отношението между автора и произведението) | * |
| 9 (RLIN) | 292955 |
| 700 1# - Други автори (авторска отговорност) | |
| Лично име | Хаджиева, Пиринка |
| Автороска отговорност (Описва отношението между автора и произведението) | прев. |
| 9 (RLIN) | 300291 |
| 852 ## - Местоположение | |
| Форматна сигнатура | Цб 241841 |
| 856 4# - Електронен адрес и достъп | |
| Електронен формат | pdf - файл |
| Път до файла /url/ | |
| 856 4# - Електронен адрес и достъп | |
| Електронен формат | pdf - файл |
| Път до файла /url/ | |
| 942 ## - АРТИКУЛИ | |
| Вид на библиотечния материал | Книги |
| Скрит в OPAC | Не |
| 944 ## - СЪЗДАВАНЕ И РЕДАКЦИЯ на ЗАПИСА | |
| Създаване/Редакция | Създаване |
| Дата на регистрацията/редакция | 12.11.2008 |
| Служител, извършил регистрацията/редакцията | Ирена_Линкова |
| 944 ## - СЪЗДАВАНЕ И РЕДАКЦИЯ на ЗАПИСА | |
| Създаване/Редакция | Редакция |
| Дата на регистрацията/редакция | 16.11.2011 |
| Служител, извършил регистрацията/редакцията | |
| 999 ## - СИСТЕМНИ КОНТРОЛНИ НОМЕРА | |
| Koha biblionumber | 81880 |
| Koha biblioitemnumber | 81880 |
| Код за отписване | Код за изгубен артикул | Код за повреда | Коз за рестрикции | Код за отдаване | Артикулен № | Име на библиотеката - собственик | Име на библиотеката, в която се намира в момента | Статус (Текущо местоположение) | Дата на вписване в системата | Местоположение - отдел | Цена в лева | Инвентарен номер | Систематично азбучна сигнатура | Баркод | Номер на екземпляра | Цена в евро | Служебна бележка | Служебен тип на артикула |
|---|---|---|---|---|---|---|---|---|---|---|---|---|---|---|---|---|---|---|
| Не е изгубен | Не е повреден | без рестрикции | ползва се в читалня | 132936 | Регионална библиотека "Любен Каравелов" Русе | Регионална библиотека "Любен Каравелов" Русе | Хранилище | 2008-11-11 | Хранилище | 13.99 | 120000731365 | Цб 241841 | 120000731365 | 1 | 7.15 | Дост: Dp Вид: Д N: 28 Дата: 25.06.2008 | Книги |